000 003390000a22001450004500
005 20120302062824.0
942 _cBOOK
100 _a RAGHUVANSHI,RAMESH
245 _a CHANGALYA MARGANE SHRIMANTA HONYACHE GUPIT
260 _aPUNE c
300 _a83 P.
040 _aMAR
365 _bRS.5/-
650 _aSANKIRNA / SELF IMPROVEMENT
999 _c357769
_d357766